000 00214 a2200097 4500
001 4592
100 _aMorse,P.M
245 _aMetods of theoritical physics pt II
260 _a
_bMcgrawhill
_c
090 _c3786
_d3786
942 _aNUST-CAE
_cM
_c30029
999 _c239665
_d239665